|
|
|
|
| LEADER |
00000nab a2200000 a 4500 |
| 001 |
vtls010110463 |
| 003 |
SK-MaSNL |
| 005 |
20260303081311.0 |
| 008 |
100629 2010 xo r r 000 0 slo |
| 015 |
|
|
|a SNBRB2010/06
|2 kevkjb
|
| 038 |
|
|
|a KEVKJB
|
| 040 |
|
|
|a KEVKJB
|b slo
|c KEVKJB
|e AACR2
|
| 041 |
0 |
|
|a slo
|
| 044 |
|
|
|a xo
|c SK
|
| 080 |
|
|
|a 792.071.2
|2 2001
|
| 080 |
|
|
|a 929 Chudík, Ladislav
|2 2001
|
| 100 |
1 |
|
|a Harvan, Martin
|4 aut
|9 19686
|
| 245 |
1 |
0 |
|a Na kyslíku
|b aby sa Ladislav Chudík neudusil, berie utišujúce lieky a dýcha ionizujúci kyslík
|c Martin Harvan
|
| 300 |
|
|
|b Obr.
|
| 600 |
1 |
7 |
|a Chudík, Ladislav,
|d 1924-2015
|2 kevkjb
|9 101396
|
| 650 |
0 |
7 |
|a herci
|2 kevkjb
|9 3087
|
| 773 |
0 |
|
|t Plus 7 dní
|g Roč. XX, č. 26 (2010), s. 16-17
|x 1210-2040
|
| 852 |
|
|
|a KEVKJB
|b KIS3GCP
|
| 958 |
|
|
|a BX
|
| 999 |
|
|
|c 1784039
|d 1785969
|